Statistics for Countries that voted to remove protections for LGBT rights at the UN

Click here to take the quiz!

General Stats

  • This quiz has been taken 65 times
  • The average score is 46 of 59

Answer Stats

HintAnswer% Correct
44Saudi Arabia
100%
57Yemen
98%
24Iraq
96%
36Oman
96%
39Russia
96%
51Syria
96%
11Egypt
94%
23Iran
94%
33Niger
94%
37Pakistan
94%
55United Arab Emirates
94%
34Nigeria
92%
2Bahrain
90%
8China
90%
38Qatar
90%
49Somalia
90%
12Eritrea
88%
26Kuwait
88%
50Sudan
88%
1Algeria
87%
10Djibouti
87%
29Libya
87%
54Uganda
87%
22Indonesia
85%
13Ethiopia
83%
31Mali
83%
4Belarus
81%
45Senegal
81%
59Zimbabwe
81%
3Bangladesh
79%
15Gambia
79%
30Malaysia
79%
32Mauritania
77%
35North Korea
77%
56Uzbekistan
77%
58Zambia
77%
18Guinea
75%
28Laos
75%
19Guinea-Bissau
73%
46Sierra Leone
73%
5Brunei
71%
6Cambodia
71%
9Comoros
71%
7Cameroon
69%
27Kyrgyzstan
67%
52Tanzania
67%
14Gabon
63%
21Haiti
62%
47Singapore
60%
25Jamaica
58%
53Trinidad and Tobago
58%
20Guyana
54%
16Grenada
52%
40Saint Kitts and Nevis
50%
41Saint Lucia
50%
42Saint Vincent and the Grenadines
50%
43Samoa
48%
48Solomon Islands
42%
17Guatemala
40%

Score Distribution

Percentile by Number Answered

Percent of People with Each Score

Your Score History

You have not taken this quiz